[Event "PRVA LIGA CENTRALNE SRBIJE 2018."]
[Site "Kragujevac"]
[Date "2018.09.15"]
[Round "2.1"]
[White "Atalik, Suat"]
[Black "Draskovic, Luka"]
[Result "1-0"]
[WhiteElo "2512"]
[BlackElo "2449"]
[Annotator "Balkanchess"]
[PlyCount "51"]
[EventDate "2018.??.??"]
[WhiteClock "0:52:37"]
[BlackClock "0:02:18"]

1. d4 Nf6 2. c4 e6 3. Nf3 Bb4+ 4. Nbd2 O-O 5. a3 Be7 6. g3 b6 7. e4 d5 8. exd5
exd5 9. Bg2 Bb7 10. O-O Nbd7 11. Re1 Re8 12. Ne5 Bd6 13. Ndf3 h6 14. b3 Ne4 15.
Bb2 f6 16. Ng4 c6 17. Nh4 Nf8 18. Nf5 Qd7 19. Nfxh6+ Kh8 20. Bxe4 dxe4 21. Nxf6
gxf6 22. Qh5 Nh7 23. Nf7+ Kg7 24. Qh6+ Kg8 25. Qg6+ Kf8 26. Nxd6 1-0

[Event "PRVA LIGA CENTRALNE SRBIJE 2018."]
[Site "Kragujevac"]
[Date "2018.09.15"]
[Round "2.1"]
[White "Djordjevic, Vuk"]
[Black "Irizanin, Radoje"]
[Result "1-0"]
[WhiteElo "2404"]
[BlackElo "2296"]
[Annotator "Balkanchess"]
[PlyCount "121"]
[EventDate "2018.??.??"]
[WhiteClock "0:03:06"]
[BlackClock "0:01:13"]

1. e4 c6 2. d4 d5 3. Nd2 dxe4 4. Nxe4 Nf6 5. Nxf6+ exf6 6. c3 Bf5 7. Bf4 Be7 8.
Ne2 O-O 9. Ng3 Bg6 10. Be2 Re8 11. O-O Nd7 12. h4 h6 13. Re1 Bf8 14. h5 Bh7 15.
Bf3 Rxe1+ 16. Qxe1 Nb6 17. Qe2 Nd5 18. Bd2 Qb6 19. b3 Nc7 20. Be4 Re8 21. Bxh7+
Kxh7 22. Qd3+ Kh8 23. Re1 Qa6 24. Qc2 Rxe1+ 25. Bxe1 c5 26. dxc5 Bxc5 27. b4
Qe6 28. Kf1 Bd6 29. Nf5 Bf8 30. c4 Kg8 31. Qd3 b5 32. Ne3 Qe5 33. cxb5 Qxh5 34.
a4 Qh1+ 35. Ke2 Ne6 36. Qc4 f5 37. g3 f4 38. gxf4 Bd6 39. f5 Nf4+ 40. Kd1 h5
41. Qc6 Qxc6 42. bxc6 h4 43. f3 Ng2 44. Nf1 h3 45. Bg3 Nf4 46. b5 Kf8 47. Nd2
Ke7 48. Ne4 Bc7 49. Ng5 Nd5 50. Bxc7 Nxc7 51. Nxh3 Kd6 52. Ng5 Kc5 53. Nxf7 Kb4
54. Ng5 Kxa4 55. Ne6 Nxb5 56. c7 Nxc7 57. Nxc7 Kb3 58. Ne6 a5 59. Nxg7 a4 60.
Kc1 a3 61. Kb1 1-0

[Event "PRVA LIGA CENTRALNE SRBIJE 2018."]
[Site "Kragujevac"]
[Date "2018.09.15"]
[Round "2.1"]
[White "Marinkovic, Ivan"]
[Black "Radovanovic, Mihajlo"]
[Result "1/2-1/2"]
[WhiteElo "2459"]
[BlackElo "2427"]
[Annotator "Balkanchess"]
[PlyCount "81"]
[EventDate "2018.??.??"]
[WhiteClock "0:31:09"]
[BlackClock "0:31:38"]

1. e4 c5 2. Nf3 d6 3. d4 cxd4 4. Nxd4 Nf6 5. Nc3 a6 6. g3 e5 7. Nb3 Be7 8. Bg2
O-O 9. a4 Bg4 10. Bf3 Bxf3 11. Qxf3 Nc6 12. Bg5 Nb4 13. Qd1 Nd7 14. Be3 Bg5 15.
Bxg5 Qxg5 16. O-O Nf6 17. Qxd6 Nxc2 18. Rad1 Qh5 19. Rd2 Ng4 20. h4 Nd4 21.
Nxd4 exd4 22. Rxd4 Ne5 23. Rd5 Rae8 24. f4 Qg4 25. Kg2 Nc4 26. Qc5 Rxe4 27. Rf3
b6 28. Qf2 Qe6 29. Rdd3 Re1 30. b3 Na5 31. f5 Qe5 32. Rd5 Qe8 33. f6 gxf6 34.
Qxb6 Nc6 35. Rxf6 Ne5 36. Qd4 Qe7 37. Rf5 f6 38. Ne4 Ng4 39. Rg5+ fxg5 40.
Rxg5+ Qxg5 41. hxg5 1/2-1/2

[Event "PRVA LIGA CENTRALNE SRBIJE 2018."]
[Site "Kragujevac"]
[Date "2018.09.15"]
[Round "2.1"]
[White "Pezelj, Novak"]
[Black "Mirkovic, Stevan"]
[Result "1-0"]
[WhiteElo "2457"]
[BlackElo "2307"]
[Annotator "Balkanchess"]
[PlyCount "147"]
[EventDate "2018.??.??"]
[WhiteClock "0:09:19"]
[BlackClock "0:03:08"]

1. e4 c5 2. f4 Nc6 3. d3 Nf6 4. Nf3 e6 5. Be2 Be7 6. O-O O-O 7. c3 d5 8. e5 Ne8
9. Na3 Rb8 10. Nc2 b5 11. Qe1 b4 12. Ne3 bxc3 13. bxc3 d4 14. Nc4 dxc3 15. Qxc3
Nc7 16. Be3 Nd5 17. Qd2 Nxe3 18. Qxe3 Nd4 19. Nxd4 Qxd4 20. Qxd4 cxd4 21. Rab1
Ba6 22. Rfc1 Bb4 23. g3 Bxc4 24. Rxc4 Bc3 25. Rxb8 Rxb8 26. Rc7 a5 27. Bd1 g6
28. Bb3 Kf8 29. Ra7 Re8 30. Kf2 Re7 31. Ra8+ Kg7 32. Kf3 Rb7 33. g4 Rc7 34. Ke4
Rb7 35. h3 Rc7 36. Ra6 Rb7 37. Kf3 Re7 38. Ke4 Rb7 39. Ra8 Re7 40. Rb8 h6 41.
Bc4 Kh7 42. Bb3 Kg7 43. h4 Kh7 44. h5 gxh5 45. gxh5 Kg7 46. Bc4 Kh7 47. f5
exf5+ 48. Kxf5 Kg7 49. Rb1 Bd2 50. Ke4 Be3 51. Rb5 Ra7 52. a4 Bf2 53. Kd5 Be3
54. Kc5 Re7 55. Kd6 Ra7 56. Rd5 Bf2 57. Kc6 Be3 58. Kb6 Re7 59. Kxa5 Bf4 60.
Rxd4 Bxe5 61. Rd5 f5 62. d4 Bf6 63. Kb6 Re4 64. Kc5 Be7+ 65. Kb5 Bf6 66. Rd7+
Kh8 67. d5 f4 68. Rf7 Be5 69. Re7 Re3 70. a5 f3 71. a6 f2 72. a7 Rb3+ 73. Kc6
Ra3 74. Re8+ 1-0

[Event "PRVA LIGA CENTRALNE SRBIJE 2018."]
[Site "Kragujevac"]
[Date "2018.09.15"]
[Round "2.1"]
[White "Gavrilovic, Leonardo"]
[Black "Mijailovic, Zoran"]
[Result "0-1"]
[WhiteElo "2243"]
[BlackElo "2400"]
[Annotator "Balkanchess"]
[PlyCount "150"]
[EventDate "2018.??.??"]
[WhiteClock "0:30:15"]
[BlackClock "0:08:51"]

1. Nf3 Nf6 2. c4 e6 3. Nc3 b6 4. g3 Bb7 5. Bg2 Bb4 6. Qc2 O-O 7. O-O c5 8. a3
Bxc3 9. Qxc3 d5 10. d4 cxd4 11. Qxd4 Nc6 12. Qh4 dxc4 13. Qxc4 Rc8 14. Qa4 Na5
15. Bg5 h6 16. Rad1 Qe7 17. Qb4 Qxb4 18. axb4 hxg5 19. bxa5 Bxf3 20. Bxf3 bxa5
21. Rd4 Rc2 22. h3 Rxb2 23. Ra1 Rb4 24. Rd2 a4 25. Rda2 Rc8 26. Rxa4 Rxa4 27.
Rxa4 Rc7 28. Ra5 Nh7 29. e4 g6 30. Kg2 Kg7 31. Bd1 Nf6 32. Bf3 Kh6 33. Kg1 Nd7
34. Kg2 Nc5 35. e5 Kg7 36. Be2 Nb3 37. Ra3 Nc5 38. Ra5 Kf8 39. Kf3 Nb3 40. Ra4
Nc5 41. Ra5 Kg7 42. Kg4 Kh6 43. Kf3 Nd7 44. Kg2 Kg7 45. Kf3 Nb6 46. Kg4 Kh6 47.
Kf3 Nd5 48. Kg2 Ne7 49. Bf3 Nf5 50. Ra4 Kg7 51. Be4 Ne7 52. Kf3 Nc8 53. Bd3 Rc5
54. Ke4 a5 55. Rc4 Rxc4+ 56. Bxc4 Na7 57. Bb3 Nc6 58. Ba4 Nb4 59. Kd4 Kf8 60.
Kc4 Ke7 61. Kd4 Kd8 62. Kc4 Nd5 63. Bc6 Nb6+ 64. Kb3 Nd7 65. Bb5 Nc5+ 66. Kc4
Ne4 67. f4 gxf4 68. gxf4 Nf2 69. h4 Nh3 70. Bc6 Nxf4 71. Bf3 Ke7 72. Bd1 Ng2
73. Kb5 Nxh4 74. Kxa5 g5 75. Kb4 Ng6 0-1

[Event "PRVA LIGA CENTRALNE SRBIJE 2018."]
[Site "Kragujevac"]
[Date "2018.09.15"]
[Round "2.1"]
[White "Rajkovic, Mladen"]
[Black "Roljevic, Djordje"]
[Result "1/2-1/2"]
[WhiteElo "2304"]
[BlackElo "2146"]
[Annotator "Balkanchess"]
[PlyCount "126"]
[EventDate "2018.??.??"]
[WhiteClock "0:16:54"]
[BlackClock "0:08:59"]

1. e4 e5 2. Nf3 Nc6 3. Bb5 a6 4. Ba4 Nf6 5. O-O b5 6. Bb3 Bb7 7. Re1 Bc5 8. c3
d6 9. d4 Bb6 10. a4 O-O 11. Na3 h6 12. d5 Ne7 13. Qd3 Nd7 14. axb5 Nc5 15. Qd1
axb5 16. Be3 Nxb3 17. Qxb3 Bxe3 18. Rxe3 f5 19. Nxe5 Kh8 20. Nd3 fxe4 21. Nb4
Rf5 22. Rd1 Qg8 23. Nxb5 Nxd5 24. Rxe4 Nf6 25. Qxg8+ Rxg8 26. Nxd6 Bxe4 27.
Nxf5 Bxf5 28. Na6 Re8 29. Nxc7 Re2 30. b4 Rc2 31. Nb5 Bd7 32. Nd6 Rxc3 33. f3
Rb3 34. Rd4 Rb2 35. h4 Kh7 36. Nf7 Be6 37. Ne5 Nd5 38. Nd3 Rd2 39. b5 Rd1+ 40.
Kf2 Rb1 41. g4 Rxb5 42. h5 Kg8 43. Ne5 Kf8 44. Ra4 Ke7 45. Kg3 Kf6 46. Nd3 Nb6
47. Rf4+ Ke7 48. Re4 Nd5 49. Ne5 Kf6 50. Nc6 Bd7 51. Ne5 Be6 52. Nc6 Bf7 53.
Ne5 Rb7 54. Nc6 Rc7 55. Nd8 Re7 56. Rd4 Bg8 57. Ra4 Rd7 58. Ra6+ Ke7 59. Nc6+
Ke6 60. Nd8+ Ke7 61. Nc6+ Ke6 62. Nd8+ Ke7 63. Nc6+ Ke6 1/2-1/2

[Event "PRVA LIGA CENTRALNE SRBIJE 2018."]
[Site "Kragujevac"]
[Date "2018.09.15"]
[Round "2.2"]
[White "Savicevic, Vlatko"]
[Black "Parligras, Mircea-Emilian"]
[Result "0-1"]
[WhiteElo "2338"]
[BlackElo "2623"]
[Annotator "Balkanchess"]
[PlyCount "66"]
[EventDate "2018.??.??"]
[WhiteClock "0:01:10"]
[BlackClock "0:40:22"]

1. e4 c5 2. Nf3 e6 3. Nc3 Nc6 4. d4 cxd4 5. Nxd4 a6 6. f4 Nxd4 7. Qxd4 b5 8.
Bd3 Bb7 9. a3 Rc8 10. Qf2 Qc7 11. Be3 Nf6 12. Bd4 h5 13. O-O-O Ng4 14. Qd2 Bc5
15. Bxc5 Qxc5 16. Be2 Qe3 17. Bxg4 Qxd2+ 18. Kxd2 hxg4 19. Ke3 Ke7 20. Rd3 a5
21. Rd4 Rc5 22. Kf2 g5 23. fxg5 Rxg5 24. Rhd1 Bc6 25. Kg3 Kf6 26. b4 Ra8 27.
Ne2 axb4 28. axb4 Ke5 29. c3 Ra3 30. Rf1 Rxc3+ 31. Nxc3 Kxd4 32. Kf4 f6 33.
Ne2+ Kd3 {Ke5 Kd4+} 0-1

[Event "PRVA LIGA CENTRALNE SRBIJE 2018."]
[Site "Kragujevac"]
[Date "2018.09.15"]
[Round "2.2"]
[White "Zajic, Milan"]
[Black "Simic, Dragisa"]
[Result "1-0"]
[WhiteElo "2497"]
[BlackElo "2299"]
[Annotator "Balkanchess"]
[PlyCount "51"]
[EventDate "2018.??.??"]
[WhiteClock "0:17:15"]
[BlackClock "0:42:40"]

1. e4 c5 2. Nf3 d6 3. Bb5+ Bd7 4. Bxd7+ Qxd7 5. O-O Nf6 6. Re1 Nc6 7. c3 e6 8.
d4 cxd4 9. cxd4 d5 10. e5 Ne4 11. Nbd2 Nxd2 12. Bxd2 Be7 13. h4 O-O 14. Rc1
Rac8 15. Rc3 Bd8 16. h5 h6 17. Rd3 Bb6 18. Bc3 f6 19. exf6 Rxf6 20. b4 Qe8 21.
b5 Na5 22. Ne5 Qxb5 23. Ng4 Rf4 24. Rxe6 Rxg4 25. Qxg4 Qxd3 26. Re7 1-0

[Event "PRVA LIGA CENTRALNE SRBIJE 2018."]
[Site "Kragujevac"]
[Date "2018.09.15"]
[Round "2.2"]
[White "Gajic, Mladen"]
[Black "Perunovic, Miodrag"]
[Result "1-0"]
[WhiteElo "2291"]
[BlackElo "2433"]
[Annotator "Balkanchess"]
[PlyCount "83"]
[EventDate "2018.??.??"]
[WhiteClock "0:31:28"]
[BlackClock "0:31:07"]

1. d4 Nf6 2. Nf3 e6 3. c3 b6 4. Nbd2 Bb7 5. e3 c5 6. Bd3 cxd4 7. cxd4 Be7 8.
O-O O-O 9. a3 d6 10. b4 Nbd7 11. Bb2 Re8 12. Qe2 a6 13. e4 Nf8 14. Ne1 Ng6 15.
f4 Bf8 16. g3 b5 17. Ng2 Qb6 18. Ne3 Ne7 19. h3 Nc6 20. Nb3 a5 21. e5 Nd5 22.
Nxd5 exd5 23. bxa5 Nxa5 24. Nxa5 Rxa5 25. Bc3 Raa8 26. Bxb5 Re6 27. a4 Rh6 28.
Kh2 Qd8 29. a5 Qc8 30. e6 Qxc3 31. exf7+ Kxf7 32. Rfc1 Qxd4 33. Rc7+ Kg8 34.
Ra4 Qf6 35. Rxb7 Rc8 36. a6 Qf5 37. Bd7 Rxh3+ 38. Kg2 Rxg3+ 39. Kxg3 Qg6+ 40.
Bg4 Rc3+ 41. Kf2 Rc2 42. a7 1-0

[Event "PRVA LIGA CENTRALNE SRBIJE 2018."]
[Site "Kragujevac"]
[Date "2018.09.15"]
[Round "2.2"]
[White "Pavlovic, Dejan S"]
[Black "Biljanic, Ljubomir"]
[Result "1-0"]
[WhiteElo "2396"]
[BlackElo "2212"]
[Annotator "Balkanchess"]
[PlyCount "109"]
[EventDate "2018.??.??"]
[WhiteClock "0:10:50"]
[BlackClock "0:19:59"]

1. e4 e5 2. Nf3 Nc6 3. d4 exd4 4. Nxd4 Nf6 5. Nxc6 bxc6 6. Qe2 Be7 7. Nc3 Rb8
8. b3 O-O 9. Bb2 Bb4 10. O-O-O Re8 11. f3 Qe7 12. Qf2 a5 13. Kb1 Bc5 14. Qh4
Bb4 15. Qg5 h6 16. Qc1 Bb7 17. e5 Bxc3 18. Bxc3 Nd5 19. Bb2 a4 20. Bc4 Nb6 21.
Qf4 a3 22. Ba1 Nxc4 23. Qxc4 c5 24. Qa4 Bc6 25. Qxa3 Ra8 26. Qb2 c4 27. Rhe1
Ra6 28. Qc3 Rea8 29. Bb2 Qe6 30. Qxc4 Qxc4 31. bxc4 Rxa2 32. Re3 R2a4 33. Rd4
R8a5 34. f4 Rc5 35. Rc3 Bxg2 36. Rxd7 Raxc4 37. Rxc4 Rxc4 38. e6 f6 39. Rd8+
Kh7 40. e7 Bc6 41. e8=Q Bxe8 42. Rxe8 Rxf4 43. Re2 h5 44. Kc1 c5 45. Kd2 g5 46.
Ba3 c4 47. Bc5 Kg6 48. Kc3 f5 49. Bd4 g4 50. Re6+ Kh7 51. Re7+ Kg6 52. Rg7+ Kh6
53. Be3 Kxg7 54. Bxf4 h4 55. Kxc4 1-0

[Event "PRVA LIGA CENTRALNE SRBIJE 2018."]
[Site "Kragujevac"]
[Date "2018.09.15"]
[Round "2.2"]
[White "Adzic, Momcilo"]
[Black "Radivojevic, Ivan"]
[Result "0-1"]
[WhiteElo "2265"]
[BlackElo "2360"]
[Annotator "Balkanchess"]
[PlyCount "40"]
[EventDate "2018.??.??"]
[WhiteClock "0:03:32"]
[BlackClock "0:40:53"]

1. e4 c6 2. d4 d5 3. exd5 cxd5 4. Bd3 Nc6 5. Nf3 Bg4 6. c3 Qc7 7. O-O e6 8.
Nbd2 Bd6 9. h3 Bh5 10. Re1 Nf6 11. Qe2 O-O-O 12. Qf1 Rdg8 13. g4 Bg6 14. b4
Bxd3 15. Qxd3 g5 16. b5 Na5 17. Ne5 h5 18. Qf3 Rh6 19. Nf1 hxg4 20. hxg4 Nc4
0-1

[Event "PRVA LIGA CENTRALNE SRBIJE 2018."]
[Site "Kragujevac"]
[Date "2018.09.15"]
[Round "2.3"]
[White "Radovanovic, Jovica"]
[Black "Radovanovic, Nikola"]
[Result "0-1"]
[WhiteElo "2322"]
[BlackElo "2420"]
[Annotator "Balkanchess"]
[PlyCount "58"]
[EventDate "2018.??.??"]
[WhiteClock "0:01:21"]
[BlackClock "0:08:10"]

1. d4 Nf6 2. Nf3 g6 3. c4 Bg7 4. g3 O-O 5. Bg2 d6 6. O-O Nbd7 7. Qc2 e5 8. Rd1
exd4 9. Nxd4 Re8 10. Nc3 a6 11. b3 Rb8 12. Bb2 c5 13. Nf3 Qe7 14. Qd2 b5 15.
cxb5 axb5 16. Qxd6 Qxd6 17. Rxd6 b4 18. Na4 Rxe2 19. Re1 Ne4 20. Rxe2 Nxd6 21.
Ne5 Nxe5 22. Bxe5 Bxe5 23. Rxe5 c4 24. bxc4 Be6 25. c5 Nb5 26. Bd5 Bxd5 27.
Rxd5 Nc3 28. Nxc3 bxc3 29. c6 c2 0-1

[Event "PRVA LIGA CENTRALNE SRBIJE 2018."]
[Site "Kragujevac"]
[Date "2018.09.15"]
[Round "2.3"]
[White "Barlov, Dragan"]
[Black "Colovic, Dusan"]
[Result "0-1"]
[WhiteElo "2414"]
[BlackElo "2296"]
[Annotator "Balkanchess"]
[PlyCount "63"]
[EventDate "2018.??.??"]
[BlackClock "0:52:26"]

1. Nf3 d6 2. d4 Bg4 3. c4 g6 4. Qb3 Qc8 5. e3 Bg7 6. Be2 Nf6 7. h3 Bxf3 8. Bxf3
c6 9. O-O O-O 10. Nc3 Nbd7 11. Qc2 Re8 12. b3 e5 13. Ba3 exd4 14. exd4 Qc7 15.
Rad1 Nf8 16. d5 c5 17. Nb5 Qd8 18. b4 b6 19. bxc5 bxc5 20. Rb1 a6 21. Nc3 N6d7
22. Bc1 Ne5 23. Be2 f5 24. Na4 Qh4 25. Bb2 f4 26. Bxe5 Bxe5 27. Bf3 Bd4 28. Rb6
Qf6 29. Rb7 Re7 30. Rxe7 Qxe7 31. Rb1 Nd7 32. Qe4 0-1

[Event "PRVA LIGA CENTRALNE SRBIJE 2018."]
[Site "Kragujevac,hotel Sumarice"]
[Date "2018.09.15"]
[Round "2.3"]
[White "Pantelic, Sasa"]
[Black "Zlatanovic, Boroljub"]
[Result "1/2-1/2"]
[WhiteElo "2294"]
[BlackElo "2371"]
[PlyCount "53"]
[EventDate "2018.09.14"]
[WhiteTeam "Sabacki SK Sabac"]
[BlackTeam "Radnicki Vodovod Kragujevac"]

1. d4 g6 2. c4 Bg7 3. Nc3 d6 4. e4 e5 5. Nge2 Nc6 6. Be3 Nh6 7. d5 Ne7 8. f3 f5
9. Qd2 Nf7 10. h4 Ng8 11. Nc1 Bh6 12. exf5 Bxe3 13. Qxe3 gxf5 14. Bd3 Nf6 15.
N1e2 Qe7 16. O-O-O f4 17. Qf2 O-O 18. g3 fxg3 19. Nxg3 Kh8 20. Rhg1 Bd7 21. Qe3
Rg8 22. Nce4 Nxe4 23. Qxe4 Nh6 24. Qe3 Nf7 25. Qe4 Nh6 26. Qe3 Nf7 27. Qe4
1/2-1/2

[Event "PRVA LIGA CENTRALNE SRBIJE 2018."]
[Site "Kragujevac,hotel Sumarice"]
[Date "2018.09.15"]
[Round "2.3"]
[White "Radovic, Luka"]
[Black "Jesic, Dusan"]
[Result "1/2-1/2"]
[WhiteElo "2342"]
[BlackElo "2322"]
[PlyCount "53"]
[EventDate "2018.09.14"]
[WhiteTeam "Radnicki Vodovod Kragujevac"]
[BlackTeam "Sabacki SK Sabac"]

1. Nf3 Nf6 2. c4 g6 3. g3 Bg7 4. Bg2 O-O 5. O-O d5 6. d3 c6 7. Qc2 Re8 8. Bf4
dxc4 9. Qxc4 Nbd7 10. Bd2 e5 11. Nc3 h6 12. a4 Nb6 13. Qb3 a5 14. Ne4 Nxe4 15.
dxe4 Be6 16. Qc2 Qc7 17. Bc3 Nd7 18. Nd2 b5 19. b3 Qb6 20. Rfc1 Reb8 21. e3 Bf8
22. Bf1 Bd6 23. h4 Qd8 24. Bb2 Bb4 25. Bc3 Bd6 26. Bb2 Bb4 27. Bc3 1/2-1/2

[Event "PRVA LIGA CENTRALNE SRBIJE 2018."]
[Site "Kragujevac,hotel Sumarice"]
[Date "2018.09.15"]
[Round "2.3"]
[White "Ignjatovic, Predrag"]
[Black "Radovic, Janko"]
[Result "0-1"]
[WhiteElo "2246"]
[BlackElo "2405"]
[PlyCount "75"]
[EventDate "2018.09.14"]
[WhiteTeam "Sabacki SK Sabac"]
[BlackTeam "Radnicki Vodovod Kragujevac"]

1. e4 c5 2. Nc3 Nc6 3. g3 g6 4. Bg2 Bg7 5. d3 Nf6 6. Be3 d6 7. h3 O-O 8. Nge2
Rb8 9. Qd2 b5 10. Bh6 b4 11. Nd1 Bxh6 12. Qxh6 Nd4 13. Qd2 e5 14. Ne3 Be6 15.
g4 Nxe2 16. Qxe2 Kg7 17. h4 h5 18. g5 Nd7 19. Bh3 Rh8 20. b3 a5 21. a4 bxa3 22.
Rxa3 Ra8 23. Qd2 Nb8 24. Ke2 Nc6 25. c3 Rf8 26. Nd5 Ne7 27. Nxe7 Qxe7 28. Qe3
d5 29. exd5 Bxd5 30. Rha1 Qc7 31. c4 Bb7 32. Qg3 Rfd8 33. Re1 Rd4 34. Kf1 Rf4
35. Re3 Rd8 36. Ra1 Rfd4 37. Rae1 Qd6 38. Ke2 0-1

[Event "PRVA LIGA CENTRALNE SRBIJE 2018."]
[Site "Kragujevac,hotel Sumarice"]
[Date "2018.09.15"]
[Round "2.4"]
[White "Popchev, Milko"]
[Black "Csonka, Balazs"]
[Result "1/2-1/2"]
[WhiteElo "2267"]
[BlackElo "2450"]
[PlyCount "34"]
[EventDate "2018.09.14"]
[WhiteTeam "Krusik Valjevo"]
[BlackTeam "Sloga Petrovac"]

1. d4 d5 2. Nf3 Nf6 3. e3 c5 4. Be2 Nc6 5. O-O Bg4 6. Ne5 Bxe2 7. Qxe2 e6 8. c3
Bd6 9. Nxc6 bxc6 10. dxc5 Bxc5 11. Nd2 O-O 12. e4 a5 13. Rb1 a4 14. b4 axb3 15.
axb3 Ra2 16. Rb2 Qa8 17. exd5 exd5 1/2-1/2

[Event "PRVA LIGA CENTRALNE SRBIJE 2018."]
[Site "Kragujevac,hotel Sumarice"]
[Date "2018.09.15"]
[Round "2.4"]
[White "Stankovic, Milos"]
[Black "Kostic, Vladimir G"]
[Result "1-0"]
[WhiteElo "2443"]
[BlackElo "2334"]
[PlyCount "65"]
[EventDate "2018.09.14"]
[WhiteTeam "Sloga Petrovac"]
[BlackTeam "Krusik Valjevo"]

1. e4 c5 2. Nf3 e6 3. b3 Nc6 4. Bb2 Nge7 5. g3 h6 6. Bg2 d6 7. d4 cxd4 8. Nxd4
Nxd4 9. Qxd4 Nc6 10. Qd2 h5 11. h3 h4 12. g4 e5 13. Nc3 Be7 14. Rd1 a6 15. Nd5
Bg5 16. Nc7+ Qxc7 17. Qxg5 Qa5+ 18. Qd2 Qxa2 19. Qc3 Qa5 20. Qxa5 Nxa5 21. Rxd6
Nc6 22. f4 O-O 23. f5 f6 24. Kf2 Nd8 25. Rhd1 Nf7 26. Rb6 a5 27. Bf1 Rd8 28.
Rxd8+ Nxd8 29. Rd6 Nc6 30. Bb5 Kh7 31. c3 Kg8 32. Bc1 Kf8 33. g5 1-0

[Event "PRVA LIGA CENTRALNE SRBIJE 2018."]
[Site "Kragujevac,hotel Sumarice"]
[Date "2018.09.15"]
[Round "2.4"]
[White "Ivanovic, Dragutin"]
[Black "Dudukovic, Nikola"]
[Result "1/2-1/2"]
[WhiteElo "2307"]
[BlackElo "2404"]
[PlyCount "137"]
[EventDate "2018.09.14"]
[WhiteTeam "Krusik Valjevo"]
[BlackTeam "Sloga Petrovac"]

1. Nf3 Nf6 2. g3 c5 3. Bg2 g6 4. d4 Bg7 5. O-O cxd4 6. Qxd4 Nc6 7. Qh4 h6 8.
Nc3 d6 9. h3 Bd7 10. Ne4 Qa5 11. Bd2 Qf5 12. Nxf6+ Bxf6 13. Qc4 Rc8 14. e4 Qh5
15. g4 Qc5 16. Qxc5 dxc5 17. Rfe1 h5 18. e5 Bg7 19. Re4 hxg4 20. hxg4 Nd4 21.
Nxd4 cxd4 22. c3 Bc6 23. Rxd4 Bxe5 24. Bxc6+ Rxc6 25. Re4 Bd6 26. Bg5 f5 27.
Ra4 a6 28. Re1 Kf7 29. gxf5 gxf5 30. Kf1 Rh5 31. Bc1 Bc5 32. Be3 Re6 33. Rf4
Bd6 34. Rf3 f4 35. Re2 Rf6 36. Ba7 e5 37. Ke1 Kg6 38. Rd3 f3 39. Ree3 Rh3 40.
Kd2 b6 41. Bxb6 Bf8 42. Bd8 Rf5 43. Re4 Bc5 44. Rg4+ Kf7 45. Rd7+ Ke6 46. Rc7
Bxf2 47. Kd3 Bh4 48. Rg6+ Bf6 49. Rxf6+ Rxf6 50. Bxf6 Kxf6 51. Ke3 e4 52. Rc6+
Kf5 53. Rc5+ Kg4 54. Kxe4 Rh2 55. Rc6 Re2+ 56. Kd3 Rxb2 57. Rxa6 f2 58. Rf6
Rxa2 59. c4 Kg3 60. Ke3 Kg2 61. Rg6+ Kf1 62. c5 Rc2 63. Rf6 Ke1 64. Kd4 f1=Q
65. Rxf1+ Kxf1 66. Kd5 Kf2 67. c6 Ke3 68. Kd6 Kd4 69. c7 1/2-1/2

[Event "PRVA LIGA CENTRALNE SRBIJE 2018."]
[Site "Kragujevac,hotel Sumarice"]
[Date "2018.09.15"]
[Round "2.4"]
[White "Zivkovic, Dejan"]
[Black "Markovic, Zoran S"]
[Result "1/2-1/2"]
[WhiteElo "2290"]
[BlackElo "2346"]
[PlyCount "27"]
[EventDate "2018.09.14"]
[WhiteTeam "Krusik Valjevo"]
[BlackTeam "Sloga Petrovac"]

1. d4 d5 2. Nf3 Nf6 3. e3 e6 4. Bd3 c5 5. b3 Nc6 6. Bb2 Bd6 7. Nbd2 Qe7 8. Ne5
cxd4 9. exd4 Ba3 10. Qc1 Bxb2 11. Qxb2 O-O 12. Nxc6 bxc6 13. O-O a5 14. Rfe1
1/2-1/2

[Event "PRVA LIGA CENTRALNE SRBIJE 2018."]
[Site "Kragujevac,hotel Sumarice"]
[Date "2018.09.15"]
[Round "2.4"]
[White "Dimitrijevic, Radmilo"]
[Black "Bojic, Zoran"]
[Result "1-0"]
[WhiteElo "2247"]
[BlackElo "2106"]
[PlyCount "75"]
[EventDate "2018.09.14"]
[WhiteTeam "Sloga Petrovac"]
[BlackTeam "Krusik Valjevo"]

1. e4 c5 2. Nc3 e6 3. g3 b6 4. Bg2 Bb7 5. d3 Nf6 6. f4 d6 7. Nf3 Nbd7 8. O-O
Be7 9. h3 h5 10. Qe2 e5 11. Nh4 a6 12. a4 Qc7 13. Nf5 Bf8 14. fxe5 dxe5 15. Bg5
Rc8 16. Ne3 Be7 17. Qf3 Qc6 18. Ncd5 Bd8 19. Rf2 Qe6 20. Nf5 Rh7 21. Raf1 Rc6
22. h4 Ng4 23. Bh3 f6 24. Bd2 g6 25. Nfe3 f5 26. exf5 gxf5 27. Qxf5 Qxf5 28.
Rxf5 Nxe3 29. Nxe3 Rg6 30. Kh2 Rhg7 31. Rxh5 Rxg3 32. Nf5 Rg2+ 33. Bxg2 Rxg2+
34. Kh3 Nf6 35. Nd6+ Kd7 36. Nxb7 Rxd2 37. Rh6 Ng8 38. Rd6+ 1-0

[Event "PRVA LIGA CENTRALNE SRBIJE 2018."]
[Site "Kragujevac"]
[Date "2018.09.15"]
[Round "2.5"]
[White "Rakhmanov, Aleksandr"]
[Black "Ristic, Nenad"]
[Result "1-0"]
[WhiteElo "2647"]
[BlackElo "2359"]
[Annotator "Balkanchess"]
[PlyCount "91"]
[EventDate "2018.??.??"]
[WhiteClock "0:34:18"]
[BlackClock "0:38:36"]

1. c4 e5 2. Nf3 e4 3. Nd4 Nc6 4. Nxc6 dxc6 5. Nc3 Nf6 6. e3 Bd6 7. h3 h5 8. Qc2
Qe7 9. b3 Bf5 10. Bb2 Ba3 11. Be2 Bxb2 12. Qxb2 O-O-O 13. O-O-O h4 14. b4 Kb8
15. Kc2 Nd7 16. b5 cxb5 17. Nxb5 Rh6 18. Rb1 Qe5 19. Qxe5 Nxe5 20. Nd4 Bh7 21.
Rb5 Nc6 22. Nxc6+ Rxc6 23. Rhb1 b6 24. Rh5 Rh6 25. Rbb5 f5 26. Rxh6 gxh6 27.
Re5 Rg8 28. Re7 Bg6 29. d4 exd3+ 30. Bxd3 f4 31. exf4 Bxd3+ 32. Kxd3 Rxg2 33.
Ke3 Rg1 34. Kf3 Kc8 35. f5 Kd8 36. Re4 Rg5 37. Kf4 Rg8 38. f6 Kd7 39. Re7+ Kd6
40. Rg7 Rf8 41. Kf5 a6 42. a4 Rc8 43. f4 Rf8 44. Kg6 Ke6 45. Re7+ Kd6 46. Kg7 {
Kd5} 1-0

[Event "PRVA LIGA CENTRALNE SRBIJE 2018."]
[Site "Kragujevac"]
[Date "2018.09.15"]
[Round "2.5"]
[White "Todorovic, Goran N"]
[Black "Damljanovic, Branko"]
[Result "0-1"]
[WhiteElo "2326"]
[BlackElo "2470"]
[Annotator "Balkanchess"]
[PlyCount "83"]
[EventDate "2018.??.??"]
[WhiteClock "0:31:00"]
[BlackClock "0:31:40"]

1. Nf3 Nf6 2. b3 g6 3. Bb2 Bg7 4. e3 O-O 5. Be2 d6 6. d4 Nc6 7. c4 a5 8. Nc3 e5
9. O-O e4 10. Nd2 Re8 11. a3 Bf5 12. Qc2 Nxd4 13. exd4 e3 14. Bd3 Bxd3 15. Qxd3
exd2 16. Qxd2 d5 17. Rfe1 Rxe1+ 18. Rxe1 a4 19. Qd1 axb3 20. Qxb3 dxc4 21. Qxc4
c6 22. Qb3 b5 23. a4 Ng4 24. h3 Nxf2 25. Kxf2 Bxd4+ 26. Ke2 Qg5 27. Kd1 bxa4
28. Qc4 Rd8 29. Kc2 Qxg2+ 30. Re2 Qxh3 31. Nxa4 Qf5+ 32. Kc1 Qd5 33. Qxd5 Bxb2+
34. Nxb2 Rxd5 35. Rc2 h5 36. Rxc6 h4 37. Rc4 g5 38. Nd1 h3 39. Rc3 g4 40. Rg3
Rxd1+ 41. Kxd1 f5 42. Rd3 0-1

[Event "PRVA LIGA CENTRALNE SRBIJE 2018."]
[Site "Kragujevac"]
[Date "2018.09.15"]
[Round "2.5"]
[White "Nestorovic, Nikola"]
[Black "Ristic, Nebojsa M"]
[Result "1-0"]
[WhiteElo "2453"]
[BlackElo "2361"]
[Annotator "Balkanchess"]
[PlyCount "52"]
[EventDate "2018.??.??"]
[WhiteClock "0:37:05"]
[BlackClock "0:42:08"]

1. e4 c6 2. d4 d5 3. e5 Bf5 4. h4 h5 5. c4 e6 6. Nc3 Ne7 7. Nge2 dxc4 8. Ng3
Bd3 9. Bxd3 cxd3 10. Qxd3 Ng6 11. Bg5 Be7 12. Bxe7 Qxe7 13. Nge4 Nxh4 14. Nd6+
Kf8 15. g3 Ng6 16. O-O-O c5 17. f4 cxd4 18. Nce4 Nc6 19. Kb1 h4 20. Nxf7 Kxf7
21. Nd6+ Kg8 22. Qxg6 Rh6 23. Qg4 Nb4 24. Rxd4 Nd5 25. Rxd5 exd5 26. Nf5 Qe6
1-0

[Event "PRVA LIGA CENTRALNE SRBIJE 2018."]
[Site "Kragujevac"]
[Date "2018.09.15"]
[Round "2.5"]
[White "Rajkovic, Dusan"]
[Black "Ostojic, Nikola"]
[Result "1/2-1/2"]
[WhiteElo "2322"]
[BlackElo "2441"]
[Annotator "Balkanchess"]
[PlyCount "30"]
[EventDate "2018.??.??"]
[WhiteClock "1:20:20"]

1. d4 d6 2. c4 e5 3. Nf3 Nd7 4. Nc3 Ngf6 5. e4 g6 6. Be2 Bg7 7. O-O O-O 8. Re1
c6 9. Bf1 exd4 10. Nxd4 Re8 11. Nb3 Qc7 12. h3 b6 13. Bf4 Bf8 14. Qd2 a6 15.
Rac1 Bb7 1/2-1/2